| 000 | 00538nam a2200157Ia 4500 | ||
|---|---|---|---|
| 008 | 230907s9999||||xx |||||||||||||| ||und|| | ||
| 082 |
_a621.3 _bAMM |
||
| 100 |
_aAmmar Yousaf Kharal (00000206294) _9116546 |
||
| 245 | 0 | _aNon-Technical Loss Detection of Metered Consumers of Power Distribution Companies using Artificial Intelligence / | |
| 260 |
_aUSPCAS-E, NUST, _bIslamabad : _c2020 |
||
| 300 | _av, 44 p. | ||
| 520 | _aTH-246 | ||
| 650 | _aMS-EEP Thesis MS Thesis | ||
| 700 |
_aDr Hassan Abdullah Khalid _928912 |
||
| 942 |
_cTHE _2ddc |
||
| 999 |
_c601924 _d601924 |
||